Your landscape architect : landscaping of Beautility House at the Better Homes Exposition /

Saved in:
Bibliographic Details
Corporate Author: American Society of Landscape Architects. Pennsylvania Chapter.
Format: Book
Language:English
Published: Pennsylvania : The Pennsylvania Chapter, [19--?]
Subjects:
Tags: Add Tag
No Tags, Be the first to tag this record!
LEADER 00701nam a22001697u 4500
001 000000376-X
005 20090409105323.0
008 830127s19uu ||||||| |||| |0||||eng|d
035 0 |a ocm84029145 
245 0 0 |a Your landscape architect :  |b landscaping of Beautility House at the Better Homes Exposition /  |c designed by Pennsylvania Chapter, American Society of Landscape Architects. 
260 0 |a Pennsylvania :  |b The Pennsylvania Chapter,  |c [19--?] 
300 |a [3] p. ;  |c 14 cm. 
500 |a Alternate title: A.B.C.'s of landscape architecture. 
650 0 |a Landscape architecture  |x Vocational guidance. 
710 2 |a American Society of Landscape Architects.  |b Pennsylvania Chapter. 
988 |a 20020608 
906 |0 MH